Normal view
MARC view
- Miller, Philip.L , Elliott, Steven.D
Entry Personal Name
001 - CONTROL NUMBER
- control field: 67663
003 - CONTROL NUMBER IDENTIFIER
- control field: NUST
005 - DATE AND TIME OF LATEST TRANSACTION
- control field: 20210628203854.0
008 - FIXED-LENGTH DATA ELEMENTS
- fixed length control field: 210628|| aca||aabn | a|a d
040 ## - CATALOGING SOURCE
- Original cataloging agency: NUST
- Transcribing agency: NUST
100 ## - HEADING--PERSONAL NAME
- Personal name: Miller, Philip.L , Elliott, Steven.D
670 ## - SOURCE DATA FOUND
- Source citation: Work cat.: (NUST): Miller, Philip.L , Elliott, Steven.D, Inside 3d studio , release 4, 1995
